000 02931cam a2200361 4500500
005 20260322011626.0
041 _afre
042 _adc
100 1 0 _aBarral, Stéphanie
_eauthor
245 0 0 _aFrom indenture to entrepreneurship: labour issues in Indonesian palm tree plantations
260 _c2018.
500 _a34
520 _aL’histoire sociale du capitalisme de plantation indonésien montre le développement de plusieurs formes historiques de capitalisme agraire et d’entrepreneuriat par les ouvriers agricoles des plantations. Les régulations étatiques et l’environnement économique et foncier en sont les deux principaux facteurs explicatifs proposés dans cet article. Pendant la période coloniale, le système de travail forcé était le mode de mise au travail des ouvriers qui bénéficiaient d’une autonomie minimale. Deux décennies de mouvements sociaux, qui suivirent la déclaration d’indépendance du pays en 1945, ont apporté un certain progrès social dans les plantations par la formalisation du droit du travail. Pendant la période suivante, la libéralisation de certaines mesures a modifié le système de fourniture de protections sociales, déplaçant la responsabilité du système de retraite des firmes vers les ouvriers eux-mêmes. Les stratégies d’entrepreneuriat mises en œuvre par ces derniers pour y répondre sont largement dépendantes du contexte économique et foncier dans lequel ils évoluent.
520 _aThe social history of plantation capitalism in Indonesia highlights the development of several forms of agrarian capitalism and small-scale entrepreneurship by workers. State labour regulations and the local economic environment are the key explanatory factors that are analysed in this article. During the colonial period, workers were put to work by force through the indenture system and had very limited autonomy. Two decades of social movements followed the independence of Indonesia, during which social progress was achieved through the formalisation of labour laws. The liberalisation of work that was imposed afterwards has shifted the responsibility for social protection from the companies to the workers themselves who then became dependent on local land availability in order to sustain their retirement needs.
690 _ae
690 _aentreprenariat
690 _ahuile de palme
690 _aIndonésie
690 _apolitique de travail
690 _apolitique territoriale
690 _asiècle
690 _axx
690 _a20
690 _acentury
690 _aentrepreneurship
690 _aIndonesia
690 _aland policy
690 _apalm oil
690 _ath
690 _awork policy
786 0 _nEntreprises et histoire | 88 | 3 | 2018-02-12 | p. 136-146 | 1161-2770
856 4 1 _uhttps://shs.cairn.info/revue-entreprises-et-histoire-2017-3-page-136?lang=en&redirect-ssocas=7080
999 _c1766318
_d1766318